=LDR 00000nam 2200000 4500 =001 INLIS000000000031719 =005 20140814152915.0 =006 =007 =008 ind =035 ##$$a 0010-061300000031719 =041 ##$$a ind =082 ##$$a 372.72 =090 ##$$a 372.72, Ims l =100 ##$$a ISMADI, Janu =245 ##$$a Langkah Tepat Menuju Olimpiade Matematika, Janu Ismadi; Editor, Nita Indah =260 ##$$a (s.a) $b (s.l) =300 ##$$a vi,96 hlm., ilus, 25 cm =650 ##$$a MATEMATIKA- PENDIDIKAN DASAR =700 ##$$a Indah, Nita =850 ##$$a NBPNMAT